Tratado de los derechos y regalias que corresponden al Real Patrimonio en el reyno de Valencia y de la jurisdiccion del Intendente como subrogado en lugar del antiguo Bayle General. (Record no. 166597)

MARC details
000 -LEADER
campo de control de longitud fija 01373nam a2200265 i 4500
001 - NÚMERO DE CONTROL
campo de control 166597
003 - IDENTIFICADOR DE NÚMERO DE CONTROL
campo de control ES-MaACL
005 - FECHA Y HORA DE LA ÚLTIMA TRANSACCIÓN
campo de control 20250727003518.0
008 - DATOS DE LONGITUD FIJA--INFORMACIÓN GENERAL
campo de control de longitud fija 931025s1785 sp ax |||| | spa d
245 00 - MENCIÓN DEL TÍTULO
Título Tratado de los derechos y regalias que corresponden al Real Patrimonio en el reyno de Valencia y de la jurisdiccion del Intendente como subrogado en lugar del antiguo Bayle General.
Número de parte o sección de la obra II ... /
Mención de responsabilidad, etc. por Don Vicente Branchàt...
260 ## - PUBLICACIÓN, DISTRIBUCIÓN, ETC.
Lugar de publicación, distribución, etc. Valencia :
Nombre del editor, distribuidor, etc. en la imprenta de Joseph y Tomas de Orga,
Fecha de publicación, distribución, etc. 1785.
300 ## - DESCRIPCIÓN FÍSICA
Extensión [4], XLVIII, [1], [1] en bl., VII, [1] en bl., 643, [1] p. en bl. :
Otras características físicas il. ;
Dimensiones Fol.
500 ## - NOTA GENERAL
Nota general Es el T. II de la obra y el T. I de la "Colección de documentos..."
530 ## - NOTA DISPONIBLE DE FORMULARIO FÍSICO ADICIONAL
Nota de formato físico adicional disponible Disponible en formato digital.
594 ## - Nota al título y mención de responsabilidad
Nota al título y mención de responsabilidad Interpolación de Tomo II tomada de antep.
597 ## - NOTA DE DESCRIPCIÓN FÍSICA
NOTA DE DESCRIPCIÓN FÍSICA Sign.: [ ]\p2\s, *-6*\p4\s, [ ]\p2\s, [calderón]\p4\s, A-Z\p4\s, 2A-2Z\p4\s, 3A-3Z\p4\s, 4A-4L\p4\s, 4M\p2\s.
597 ## - NOTA DE DESCRIPCIÓN FÍSICA
NOTA DE DESCRIPCIÓN FÍSICA Texto a toda plana y a dos col.
597 ## - NOTA DE DESCRIPCIÓN FÍSICA
NOTA DE DESCRIPCIÓN FÍSICA Port. con esc. real xil.
599 ## - NOTA A LAS ILUSTRACIONES
NOTA A LAS ILUSTRACIONES Ilustración calc.: "M. Toxxa invit. P. Cucò f."
651 #7 - PUNTO DE ACCESO ADICIONAL DE MATERIA--NOMBRE GEOGRÁFICO
Nombre geográfico Valencia (Reino)-
Subdivisión general Administración
Fuente del encabezamiento o término
9 (RLIN) 152428
700 1# - ENTRADA AGREGADA--NOMBRE PERSONAL
Nombre de persona Branchat, Vicent.
9 (RLIN) 31323
852 ## - LOCALIZACIÓN
Ubicación ES-MaACL
Número de control de estantería R-132-4
Nota libre - Enc. hol.
Encuadernación Olim: B-1490-2
856 ## - LOCALIZACIÓN Y ACCESO ELECTRÓNICOS
Identificador Uniforme de Recursos <a href="http://bivaldi.gva.es/es/consulta/registro.cmd?id=5082 ">http://bivaldi.gva.es/es/consulta/registro.cmd?id=5082 </a>
Nota pública Biblioteca Valenciana Digital
Holdings
Estatus retirado Estado de pérdida Estado de daño No para préstamo Colección Biblioteca de origen Biblioteca actual Ubicación en estantería Fecha de adquisición Total de préstamos Signatura topográfica completa Código de barras Visto por última vez Precio de reemplazo Tipo de ítem Koha
        Colección digital Biblioteca del Ateneo de Madrid Biblioteca del Ateneo de Madrid Depósito 17/01/2008   R-132-4 1174729 23/02/2023 23/02/2023 Libro impreso antiguo